Visualizzazione normale
Vista MARC
- Zita de Luca,
di Personal Name
Records bibliografici associati: 1
001 - CONTROL NUMBER
- control field: 68958
003 - CONTROL NUMBER IDENTIFIER
- control field: IT-RoINE
005 - DATE AND TIME OF LATEST TRANSACTION
- control field: 20200909090008.0
008 - FIXED-LENGTH DATA ELEMENTS
- fixed length control field: 200909|| aca||aabn | a|a d
040 ## - CATALOGING SOURCE
- Original cataloging agency: IT-RoINE
- Transcribing agency: IT-RoINE
100 ## - HEADING--PERSONAL NAME
- Personal name: Zita de Luca,
- Titles and other words associated with a name: Santa,
- Dates associated with a name: 1218-1272
- General subdivision: Libros de oraciones y devocionarios
670 ## - SOURCE DATA FOUND
- Source citation: Work cat.: (IT-RoINE)34576: Devocionario de Santa Zita virgen patrona de las sirvientas /, 1913.